000 006060000a22001930004500
001 768714001
003 CO-MdFUSB
005 20170614150204.0
008 170614s1982 mx ||||| |||| 00| 0 spa d
022 _a0122-2996
040 _aCO-MdFUSB
_bspa
_cCO-MdFUSB
_dCO-MdFUSB
041 _aspa
100 1 _aGutiérrez Cortés, Rolando
_eautor
245 1 0 _aCristología y acción pastoral en América Latina
300 _aVolumen 8 (1982), Páginas 21-38
_c28 cm.
546 _aTexto en español
773 0 _tBoletín Teológico
_049507
_961433
_gVolumen 8 (1982), Páginas 21-38
_qPágina 21
942 _cANA
999 _c50238
_d50238